000 01102nam a2200313I 4500
001 42968
003 BD-RJUL
005 20211209053625.0
008 160618s1963 bg 000 0 ben u
020 _c: PRs 3.25
035 _aBD-RJUL 43086
035 _a(OCoLC)00873209
035 _aGLIS00505321
040 _cHCD
_dm.c.
_dRCD
_aBD-RjUL
_bben
041 _aben
082 _223
_a297.09
_bMOI 1963
090 _aJX1391
_b.S912 1954
099 _aJX1391.S912 1954
100 1 _aমওদূদী,সাইয়েদ আবুল আ'লা
_9131948
245 1 0 _aইসলামী আন্দোলনের ভবিষ্যত কর্মসূচী /
_cসাইয়েদ আবুল আ'লা মওদূদী
260 _aঢাকা :
_bমুহাম্মদ আবদুর রহিম,
_c১৯৬৩
300 _a২৪৮ পৃ. ;
_c১৮ সেমি.
504 _a.
650 0 _aইসলাম
_9131949
_xইতিহাস
650 0 _aIslam
_xHistory
_9131984
942 _2ddc
_cBK
949 _aMYGD
999 _c42968
_d42968